Tous les champions de la champions league - Statistiques

Statistiques générales
  • Ce quiz a été pris 156 fois
  • Le résultat moyen est 53 sur 65
Statistiques - réponses
Hint Réponse % Correct
1956 Real Madrid
99%
1957 Real Madrid
99%
1958 Real Madrid
99%
1959 Real Madrid
99%
1960 Real Madrid
99%
1966 Real madrid
99%
1998 Real Madrid
99%
2000 Real Madrid
99%
2002 Real Madrid
99%
2014 Real Madrid
99%
2016 Real Madrid
99%
2017 Real Madrid
99%
2018 Real Madrid
99%
1992 Barcelone
96%
2006 Barcelone
96%
2009 Barcelone
96%
2011 Barcelone
96%
2015 Barcelone
96%
2012 Chelsea
94%
1977 Liverpool
94%
1978 Liverpool
94%
1981 Liverpool
94%
1984 Liverpool
94%
2005 Liverpool
94%
2019 Liverpool
94%
1968 Manchester United
93%
1999 Manchester United
93%
2008 Manchester United
93%
1974 Bayern Munich
92%
1975 Bayern Munich
92%
1976 Bayern Munich
92%
2001 Bayern Munich
92%
2013 Bayern Munich
92%
2020 Bayern Munich
92%
1964 Inter Milan
91%
1965 Inter Milan
91%
2010 Inter Milan
91%
1985 Juventus
90%
1996 Juventus
90%
1993 Marseille
90%
1971 Ajax
81%
1972 Ajax
81%
1973 Ajax
81%
1995 Ajax
81%
1987 Porto
78%
2004 Porto
78%
1961 Benfica
73%
1962 Benfica
73%
1979 Nottingham Forest
62%
1980 Nottingham Forest
62%
1963 AC Milan
61%
1969 AC Milan
61%
2003 AC Milan
61%
2007 AC Milan
61%
1997 Borussia Dortmund
59%
1989 Milan
59%
1990 Milan
59%
1994 Milan
59%
1967 Celtic
56%
1983 Hambourg
46%
1982 Aston Villa
45%
1970 Feyenoord
40%
1988 Psv Eindhoven
38%
1986 Steaua Bucarest
32%
1991 Étoile Rouge Belgrade
31%
Aucun quiz correspondant
Distribution des résultats
% des personnes avec chaque résultat
Percentile par nombre de réponses
Votre historique - résultats
Vous n’avez pas pris ce quiz